00966nam a2200277 i 4500003000900000005001700009007000300026008004100029020001800070040003000088082000700118245007500125264004200200300003800242336002700280337003300307338002800340490002700368500004200395590002600437700004300463910001500506942001400521952013600535999001700671DO-SdBNP20230414114529.0ta230414b2013 dr a|||| |||| 00| 0 spa d a9789945465587 aDO-SdBNPbspacBNPHUerda 422200aRomances y poemas de Juan Pablo Duarte /cedición Daniel Torres Mata aSanto Domingo :bediciones CP,c2013. a111 p. :bilustraciones ;c21 cm. 2rdacontentatextobtxt 2rdamediaasin mediaciónbn 2rdacarrieravolumenbnc0 aClásicos dominicanos aIncluye notas al pie de las páginas aInventariado, 2023/BT aTorres Mata, Daniel,eedición982495 aBtavárez 2ddccLBS1 00102ddc51708PDaBNPHUbBNPHUcCTd2023-04-14eDonaciónl0p2023-1386r2023-04-14w2023-04-14yLBS1zDonado por Víctor Hugo c53260d53260